[Event "DVM U20 2020"]
[Site "Willingen GER"]
[Date "2021.06.26"]
[Round "5"]
[White "Engländer, Leon Arne"]
[Black "Boldt, Timo"]
[Result "1/2-1/2"]
[Termination "normal"]
[Board "8.6"]
[WhiteElo "1769"]
[BlackElo "1648"]
[WhiteClock "01:11:03"]
[BlackClock "01:17:01"]
[WhiteTeam "Biebertaler Schachfreunde"]
[BlackTeam "SC Kreuzberg e.V."]
[PlyCount "40"]
[WhiteFideId "12997226"]
[BlackFideId "12974854"]
[EventCountry "GER"]
[EventRounds "7"]
[EventType "team-swiss"]
[EventDate "2021.06.23"]

1. e4 {[%clk 01:30:55]} {[%emt 00:00:05]} c5 {[%clk 01:29:49]} {[%emt
00:01:12]} 2. Nc3 {[%clk 01:31:13]} {[%emt 00:00:12]} e6 {[%clk 01:29:01]}
{[%emt 00:01:17]} 3. g3 {[%clk 01:30:53]} {[%emt 00:00:50]} Nc6 {[%clk
01:28:31]} {[%emt 00:01:00]} 4. Bg2 {[%clk 01:31:16]} {[%emt 00:00:07]} g6
{[%clk 01:28:54]} {[%emt 00:00:07]} 5. d3 {[%clk 01:31:41]} {[%emt 00:00:06]}
Bg7 {[%clk 01:28:13]} {[%emt 00:01:11]} 6. Be3 {[%clk 01:31:45]} {[%emt
00:00:26]} d6 {[%clk 01:27:51]} {[%emt 00:00:51]} 7. Qd2 {[%clk 01:32:06]}
{[%emt 00:00:11]} Rb8 {[%clk 01:27:14]} {[%emt 00:01:06]} 8. Nge2 {[%clk
01:30:29]} {[%emt 00:02:06]} Nd4 {[%clk 01:26:52]} {[%emt 00:00:52]} 9. f3
{[%clk 01:23:50]} {[%emt 00:07:10]} Ne7 {[%clk 01:26:24]} {[%emt 00:00:57]} 10.
Nd1 {[%clk 01:23:38]} {[%emt 00:00:43]} b5 {[%clk 01:23:40]} {[%emt 00:03:14]}
11. c3 {[%clk 01:23:15]} {[%emt 00:00:53]} Nxe2 {[%clk 01:24:01]} {[%emt
00:00:08]} 12. Qxe2 {[%clk 01:21:41]} {[%emt 00:02:05]} O-O {[%clk 01:23:51]}
{[%emt 00:00:39]} 13. Qd2 {[%clk 01:21:14]} {[%emt 00:00:57]} f5 {[%clk
01:23:06]} {[%emt 00:01:15]} 14. Bh6 {[%clk 01:20:05]} {[%emt 00:01:40]} e5
{[%clk 01:21:10]} {[%emt 00:02:26]} 15. Bxg7 {[%clk 01:15:48]} {[%emt
00:04:47]} Kxg7 {[%clk 01:21:32]} {[%emt 00:00:08]} 16. O-O {[%clk 01:16:05]}
{[%emt 00:00:13]} f4 {[%clk 01:19:53]} {[%emt 00:02:09]} 17. g4 {[%clk
01:16:00]} {[%emt 00:00:33]} g5 {[%clk 01:19:56]} {[%emt 00:00:28]} 18. b4
{[%clk 01:14:33]} {[%emt 00:01:58]} cxb4 {[%clk 01:18:01]} {[%emt 00:02:24]}
19. cxb4 {[%clk 01:14:40]} {[%emt 00:00:24]} Be6 {[%clk 01:17:01]} {[%emt
00:01:29]} 20. Nc3 {[%clk 01:11:03]} {[%emt 00:04:07]} Rc8 {[%emt 00:06:19]}
1/2-1/2

[Event "DVM U20 2020"]
[Site "Willingen GER"]
[Date "2021.06.27"]
[Round "7"]
[White "Wübker, Paul-Luca"]
[Black "Vuckovic, Zarko"]
[Result "0-1"]
[Termination "normal"]
[Board "1.1"]
[WhiteElo "2134"]
[BlackElo "2241"]
[WhiteClock "00:06:07"]
[BlackClock "00:23:36"]
[WhiteTeam "Schachgesellschaft Bochum 1931"]
[BlackTeam "Schachfreunde Augsburg"]
[PlyCount "94"]
[WhiteFideId "12939528"]
[BlackFideId "12952087"]
[EventCountry "GER"]
[EventRounds "7"]
[EventType "team-swiss"]
[EventDate "2021.06.23"]

1. d4 {[%clk 01:30:56]} {[%emt 00:00:02]} Nf6 {[%clk 01:30:56]} {[%emt
00:00:05]} 2. c4 {[%clk 01:31:21]} {[%emt 00:00:05]} e6 {[%clk 01:31:23]}
{[%emt 00:00:03]} 3. Nf3 {[%clk 01:31:45]} {[%emt 00:00:06]} d5 {[%clk
01:31:51]} {[%emt 00:00:02]} 4. Nc3 {[%clk 01:32:08]} {[%emt 00:00:07]} Ne4
{[%clk 01:32:19]} {[%emt 00:00:02]} 5. Qb3 {[%clk 01:20:06]} {[%emt 00:12:32]}
c6 {[%clk 01:28:27]} {[%emt 00:04:23]} 6. Bf4 {[%clk 01:10:32]} {[%emt
00:10:04]} Be7 {[%clk 01:25:41]} {[%emt 00:03:15]} 7. Nxe4 {[%clk 01:03:40]}
{[%emt 00:07:22]} dxe4 {[%clk 01:23:07]} {[%emt 00:03:05]} 8. Nd2 {[%clk
01:03:55]} {[%emt 00:00:14]} f5 {[%clk 01:15:30]} {[%emt 00:08:07]} 9. Qg3
{[%clk 01:01:50]} {[%emt 00:02:35]} Na6 {[%clk 01:11:45]} {[%emt 00:04:14]} 10.
a3 {[%clk 00:53:52]} {[%emt 00:08:30]} O-O {[%clk 01:10:41]} {[%emt 00:01:34]}
11. b4 {[%clk 00:44:35]} {[%emt 00:09:47]} Bd7 {[%clk 01:02:58]} {[%emt
00:08:13]} 12. Nb3 {[%clk 00:38:58]} {[%emt 00:06:07]} Be8 {[%clk 00:58:56]}
{[%emt 00:04:31]} 13. c5 {[%clk 00:30:34]} {[%emt 00:08:54]} Rc8 {[%clk
00:53:06]} {[%emt 00:06:20]} 14. Na5 {[%clk 00:29:13]} {[%emt 00:01:51]} Bf6
{[%clk 00:47:43]} {[%emt 00:05:53]} 15. Rd1 {[%clk 00:28:07]} {[%emt 00:01:36]}
b5 {[%clk 00:41:52]} {[%emt 00:06:21]} 16. Bd6 {[%clk 00:23:07]} {[%emt
00:05:30]} Rf7 {[%clk 00:40:33]} {[%emt 00:01:49]} 17. Qb3 {[%clk 00:23:32]}
{[%emt 00:00:05]} Nc7 {[%clk 00:35:29]} {[%emt 00:05:34]} 18. Nb7 {[%clk
00:20:22]} {[%emt 00:03:40]} Qd7 {[%clk 00:34:35]} {[%emt 00:01:24]} 19. Bxc7
{[%clk 00:20:46]} {[%emt 00:00:06]} Rxc7 {[%clk 00:34:58]} {[%emt 00:00:07]}
20. Nd6 {[%clk 00:21:13]} {[%emt 00:00:03]} Rf8 {[%clk 00:32:58]} {[%emt
00:02:30]} 21. Nxf5 {[%clk 00:21:35]} {[%emt 00:00:09]} Qd5 {[%clk 00:31:46]}
{[%emt 00:01:41]} 22. Qxd5 {[%clk 00:20:31]} {[%emt 00:01:33]} exd5 {[%clk
00:32:10]} {[%emt 00:00:06]} 23. g3 {[%clk 00:15:37]} {[%emt 00:05:26]} Bd7
{[%clk 00:28:28]} {[%emt 00:04:11]} 24. Nd6 {[%clk 00:12:24]} {[%emt 00:03:43]}
a5 {[%clk 00:27:52]} {[%emt 00:01:06]} 25. a4 {[%clk 00:09:23]} {[%emt
00:03:31]} bxa4 {[%clk 00:27:43]} {[%emt 00:00:39]} 26. bxa5 {[%clk 00:09:44]}
{[%emt 00:00:09]} Ra8 {[%clk 00:27:20]} {[%emt 00:00:53]} 27. e3 {[%clk
00:09:41]} {[%emt 00:00:34]} Rxa5 {[%clk 00:27:44]} {[%emt 00:00:05]} 28. Be2
{[%clk 00:09:29]} {[%emt 00:00:42]} a3 {[%clk 00:25:52]} {[%emt 00:02:21]} 29.
Ra1 {[%clk 00:08:44]} {[%emt 00:01:16]} Rxc5 {[%clk 00:23:35]} {[%emt
00:02:48]} 30. Rxa3 {[%clk 00:09:03]} {[%emt 00:00:10]} Rc1+ {[%clk 00:23:57]}
{[%emt 00:00:08]} 31. Bd1 {[%clk 00:09:18]} {[%emt 00:00:15]} Kf8 {[%clk
00:23:18]} {[%emt 00:01:08]} 32. Rb3 {[%clk 00:08:58]} {[%emt 00:00:51]} c5
{[%clk 00:21:41]} {[%emt 00:02:07]} 33. dxc5 {[%clk 00:09:03]} {[%emt
00:00:24]} R7xc5 {[%clk 00:20:04]} {[%emt 00:02:08]} 34. Kd2 {[%clk 00:03:44]}
{[%emt 00:05:49]} Ra1 {[%clk 00:19:29]} {[%emt 00:01:04]} 35. h3 {[%clk
00:02:30]} {[%emt 00:01:45]} Ra2+ {[%clk 00:19:34]} {[%emt 00:00:25]} 36. Ke1
{[%clk 00:02:55]} {[%emt 00:00:06]} Rc1 {[%clk 00:19:40]} {[%emt 00:00:23]} 37.
Nb5 {[%clk 00:03:08]} {[%emt 00:00:18]} Bxb5 {[%clk 00:19:59]} {[%emt
00:00:12]} 38. Rxb5 {[%clk 00:03:30]} {[%emt 00:00:08]} Bc3+ {[%clk 00:20:24]}
{[%emt 00:00:04]} 39. Kf1 {[%clk 00:03:53]} {[%emt 00:00:07]} Rxd1+ {[%clk
00:20:48]} {[%emt 00:00:06]} 40. Kg2 {[%clk 00:04:19]} {[%emt 00:00:04]} Rxh1
{[%clk 00:21:11]} {[%emt 00:00:07]} 41. Kxh1 {[%clk 00:04:42]} {[%emt
00:00:07]} Rxf2 {[%clk 00:21:27]} {[%emt 00:00:15]} 42. Rxd5 {[%clk 00:05:03]}
{[%emt 00:00:08]} Rf3 {[%clk 00:21:49]} {[%emt 00:00:08]} 43. Kg2 {[%clk
00:04:50]} {[%emt 00:00:44]} Rxe3 {[%clk 00:22:10]} {[%emt 00:00:09]} 44. Rd7
{[%clk 00:05:04]} {[%emt 00:00:16]} Be5 {[%clk 00:22:29]} {[%emt 00:00:10]} 45.
g4 {[%clk 00:05:16]} {[%emt 00:00:19]} Rg3+ {[%clk 00:22:53]} {[%emt 00:00:06]}
46. Kf2 {[%clk 00:05:43]} {[%emt 00:00:03]} Rxh3 {[%clk 00:23:15]} {[%emt
00:00:09]} 47. Ra7 {[%clk 00:06:07]} {[%emt 00:00:04]} Bd4+ {[%clk 00:23:36]}
{[%emt 00:00:09]} 0-1

[Event "DVM U20 2020"]
[Site "Willingen GER"]
[Date "2021.06.27"]
[Round "7"]
[White "Weller, Uli"]
[Black "Biermann, Florian"]
[Result "1-0"]
[Termination "normal"]
[Board "1.2"]
[WhiteElo "2144"]
[BlackElo "2104"]
[WhiteClock "00:22:29"]
[BlackClock "00:07:23"]
[WhiteTeam "Schachfreunde Augsburg"]
[BlackTeam "Schachgesellschaft Bochum 1931"]
[PlyCount "111"]
[WhiteFideId "12971782"]
[BlackFideId "12970069"]
[EventCountry "GER"]
[EventRounds "7"]
[EventType "team-swiss"]
[EventDate "2021.06.23"]

1. e4 {[%clk 01:30:59]} c5 {[%clk 01:30:52]} {[%emt 00:00:08]} 2. Nc3 {[%clk
01:31:20]} {[%emt 00:00:09]} a6 {[%clk 01:31:15]} {[%emt 00:00:07]} 3. g3
{[%clk 01:31:21]} {[%emt 00:00:29]} b5 {[%clk 01:31:19]} {[%emt 00:00:26]} 4.
Bg2 {[%clk 01:31:40]} {[%emt 00:00:11]} Bb7 {[%clk 01:30:53]} {[%emt 00:00:55]}
5. d3 {[%clk 01:29:11]} {[%emt 00:02:59]} e6 {[%clk 01:30:33]} {[%emt
00:00:52]} 6. Nh3 {[%clk 01:28:14]} {[%emt 00:01:26]} Nf6 {[%clk 01:16:15]}
{[%emt 00:14:48]} 7. O-O {[%clk 01:27:35]} {[%emt 00:01:09]} d5 {[%clk
01:14:05]} {[%emt 00:02:40]} 8. e5 {[%clk 01:24:00]} {[%emt 00:04:04]} Nfd7
{[%clk 01:13:11]} {[%emt 00:01:25]} 9. f4 {[%clk 01:22:13]} {[%emt 00:02:16]}
Be7 {[%clk 01:11:47]} {[%emt 00:01:55]} 10. f5 {[%clk 01:13:02]} {[%emt
00:09:40]} Nxe5 {[%clk 01:05:15]} {[%emt 00:07:03]} 11. fxe6 {[%clk 01:11:39]}
{[%emt 00:01:52]} O-O {[%clk 00:45:22]} {[%emt 00:20:24]} 12. exf7+ {[%clk
01:07:58]} {[%emt 00:04:10]} Rxf7 {[%clk 00:43:53]} {[%emt 00:02:00]} 13. Rxf7
{[%clk 01:04:23]} {[%emt 00:04:05]} Nxf7 {[%clk 00:44:12]} {[%emt 00:00:11]}
14. Nf4 {[%clk 01:03:59]} {[%emt 00:00:53]} Bf6 {[%clk 00:40:25]} {[%emt
00:04:18]} 15. Ncxd5 {[%clk 00:57:22]} {[%emt 00:07:07]} Bd4+ {[%clk 00:39:16]}
{[%emt 00:01:40]} 16. Kh1 {[%clk 00:56:04]} {[%emt 00:01:46]} Nc6 {[%clk
00:32:54]} {[%emt 00:06:52]} 17. c3 {[%clk 00:50:22]} {[%emt 00:06:12]} Be5
{[%clk 00:32:35]} {[%emt 00:00:49]} 18. Be3 {[%clk 00:48:54]} {[%emt 00:01:58]}
Qd6 {[%clk 00:30:09]} {[%emt 00:02:55]} 19. Qg1 {[%clk 00:45:42]} {[%emt
00:03:43]} c4 {[%clk 00:24:28]} {[%emt 00:06:11]} 20. dxc4 {[%clk 00:40:10]}
{[%emt 00:06:03]} bxc4 {[%clk 00:24:30]} {[%emt 00:00:28]} 21. Nb6 {[%clk
00:40:07]} {[%emt 00:00:33]} Re8 {[%clk 00:22:47]} {[%emt 00:02:11]} 22. Nxc4
{[%clk 00:40:25]} {[%emt 00:00:13]} Qb8 {[%clk 00:23:01]} {[%emt 00:00:16]} 23.
Rf1 {[%clk 00:36:44]} {[%emt 00:04:11]} Nd6 {[%clk 00:21:08]} {[%emt 00:02:24]}
24. Bd5+ {[%clk 00:27:05]} {[%emt 00:10:08]} Kh8 {[%clk 00:21:13]} {[%emt
00:00:25]} 25. Qg2 {[%clk 00:27:25]} {[%emt 00:00:11]} Ne7 {[%clk 00:13:13]}
{[%emt 00:08:30]} 26. Nxd6 {[%clk 00:26:07]} {[%emt 00:01:47]} Nxd5 {[%clk
00:12:19]} {[%emt 00:01:25]} 27. Nf7+ {[%clk 00:25:46]} {[%emt 00:00:50]} Kg8
{[%clk 00:12:41]} {[%emt 00:00:08]} 28. Nxd5 {[%clk 00:26:08]} {[%emt
00:00:08]} Bf6 {[%clk 00:12:27]} {[%emt 00:00:44]} 29. Bf4 {[%clk 00:15:33]}
{[%emt 00:11:05]} Qa8 {[%clk 00:12:16]} {[%emt 00:00:42]} 30. c4 {[%clk
00:15:52]} {[%emt 00:00:11]} Kxf7 {[%clk 00:12:38]} {[%emt 00:00:07]} 31. Kg1
{[%clk 00:14:52]} {[%emt 00:01:31]} Qc8 {[%clk 00:11:43]} {[%emt 00:01:25]} 32.
b3 {[%clk 00:13:46]} {[%emt 00:01:36]} Qd7 {[%clk 00:10:12]} {[%emt 00:02:00]}
33. Bg5 {[%clk 00:10:47]} {[%emt 00:03:30]} Re6 {[%clk 00:09:29]} {[%emt
00:01:13]} 34. Bxf6 {[%clk 00:10:48]} {[%emt 00:00:28]} Rxf6 {[%clk 00:07:59]}
{[%emt 00:02:01]} 35. Rxf6+ {[%clk 00:11:04]} {[%emt 00:00:14]} gxf6 {[%clk
00:08:18]} {[%emt 00:00:11]} 36. Qe4 {[%clk 00:11:15]} {[%emt 00:00:19]} Kf8
{[%clk 00:07:45]} {[%emt 00:01:04]} 37. Qd4 {[%clk 00:09:59]} {[%emt 00:01:45]}
Bxd5 {[%clk 00:07:15]} {[%emt 00:00:59]} 38. Qxd5 {[%clk 00:08:56]} {[%emt
00:01:34]} Qe7 {[%clk 00:07:20]} {[%emt 00:00:24]} 39. c5 {[%clk 00:06:23]}
{[%emt 00:03:02]} Qe1+ {[%clk 00:04:54]} {[%emt 00:02:57]} 40. Kg2 {[%clk
00:06:51]} {[%emt 00:00:01]} Qe2+ {[%clk 00:05:03]} {[%emt 00:00:21]} 41. Kh3
{[%clk 00:07:10]} {[%emt 00:00:09]} Qb5 {[%clk 00:26:57]} {[%emt 00:08:38]} 42.
Kh4 {[%clk 00:34:23]} {[%emt 00:03:17]} a5 {[%clk 00:25:37]} {[%emt 00:01:51]}
43. a3 {[%clk 00:31:43]} {[%emt 00:03:08]} Kg7 {[%clk 00:23:55]} {[%emt
00:02:12]} 44. Qc4 {[%clk 00:31:33]} {[%emt 00:00:40]} Qc6 {[%clk 00:22:59]}
{[%emt 00:01:26]} 45. b4 {[%clk 00:31:31]} {[%emt 00:00:33]} axb4 {[%clk
00:17:59]} {[%emt 00:05:31]} 46. axb4 {[%clk 00:31:59]} {[%emt 00:00:02]} Qg2
{[%clk 00:18:07]} {[%emt 00:00:22]} 47. h3 {[%clk 00:30:15]} {[%emt 00:02:13]}
Qd2 {[%clk 00:15:32]} {[%emt 00:03:06]} 48. Qg4+ {[%clk 00:28:38]} {[%emt
00:02:06]} Kf8 {[%clk 00:14:06]} {[%emt 00:01:57]} 49. c6 {[%clk 00:27:47]}
{[%emt 00:01:21]} Qc1 {[%clk 00:12:57]} {[%emt 00:01:38]} 50. b5 {[%clk
00:27:07]} {[%emt 00:01:11]} Qc5 {[%clk 00:12:08]} {[%emt 00:01:19]} 51. Qf4
{[%clk 00:26:52]} {[%emt 00:00:45]} f5 {[%clk 00:11:57]} {[%emt 00:00:41]} 52.
Kg5 {[%clk 00:24:56]} {[%emt 00:02:25]} Kg7 {[%clk 00:08:32]} {[%emt 00:03:55]}
53. Qc7+ {[%clk 00:22:36]} {[%emt 00:02:49]} Kf8 {[%clk 00:07:40]} {[%emt
00:01:21]} 54. Qd8+ {[%clk 00:22:53]} {[%emt 00:00:15]} Kf7 {[%clk 00:07:27]}
{[%emt 00:00:43]} 55. Qf6+ {[%clk 00:22:23]} {[%emt 00:00:58]} Kg8 {[%clk
00:07:23]} {[%emt 00:00:36]} 56. Kh6 {[%clk 00:22:29]} {[%emt 00:00:23]} 1-0

[Event "DVM U20 2020"]
[Site "Willingen GER"]
[Date "2021.06.27"]
[Round "7"]
[White "Biermann, Lenhard"]
[Black "Wachtel, Arthur"]
[Result "1/2-1/2"]
[Termination "normal"]
[Board "1.3"]
[WhiteElo "2083"]
[BlackElo "1940"]
[WhiteClock "00:27:46"]
[BlackClock "00:34:31"]
[WhiteTeam "Schachgesellschaft Bochum 1931"]
[BlackTeam "Schachfreunde Augsburg"]
[PlyCount "83"]
[WhiteFideId "12970077"]
[BlackFideId "12988510"]
[EventCountry "GER"]
[EventRounds "7"]
[EventType "team-swiss"]
[EventDate "2021.06.23"]

1. d4 {[%clk 01:30:57]} {[%emt 00:00:02]} Nf6 {[%clk 01:30:54]} {[%emt
00:00:07]} 2. Nf3 {[%clk 01:31:21]} {[%emt 00:00:06]} g6 {[%clk 01:31:16]}
{[%emt 00:00:08]} 3. c4 {[%clk 01:30:16]} {[%emt 00:01:35]} Bg7 {[%clk
01:29:31]} {[%emt 00:02:15]} 4. e3 {[%clk 01:29:56]} {[%emt 00:00:50]} O-O
{[%clk 01:28:55]} {[%emt 00:01:06]} 5. Be2 {[%clk 01:30:23]} {[%emt 00:00:04]}
d6 {[%clk 01:29:07]} {[%emt 00:00:17]} 6. O-O {[%clk 01:30:36]} {[%emt
00:00:18]} b6 {[%clk 01:29:12]} {[%emt 00:00:24]} 7. Nc3 {[%clk 01:30:52]}
{[%emt 00:00:14]} Bb7 {[%clk 01:29:35]} {[%emt 00:00:06]} 8. Qc2 {[%clk
01:27:27]} {[%emt 00:03:56]} Nbd7 {[%clk 01:29:07]} {[%emt 00:00:58]} 9. a3
{[%clk 01:25:09]} {[%emt 00:02:48]} e6 {[%clk 01:24:19]} {[%emt 00:05:17]} 10.
b4 {[%clk 01:18:33]} {[%emt 00:07:06]} Qe7 {[%clk 01:20:23]} {[%emt 00:04:26]}
11. Bb2 {[%clk 01:17:09]} {[%emt 00:01:55]} c5 {[%clk 01:17:17]} {[%emt
00:03:36]} 12. Rac1 {[%clk 01:05:31]} {[%emt 00:12:08]} Rfc8 {[%clk 01:14:09]}
{[%emt 00:03:36]} 13. Qb1 {[%clk 00:47:30]} {[%emt 00:18:32]} Rab8 {[%clk
01:06:13]} {[%emt 00:08:25]} 14. Rfd1 {[%clk 00:36:16]} {[%emt 00:11:45]} a6
{[%clk 00:47:26]} {[%emt 00:19:17]} 15. Qa1 {[%clk 00:25:53]} {[%emt 00:10:54]}
Rc7 {[%clk 00:41:43]} {[%emt 00:06:12]} 16. h3 {[%clk 00:15:19]} {[%emt
00:11:05]} Rbc8 {[%clk 00:41:00]} {[%emt 00:01:12]} 17. Bf1 {[%clk 00:14:15]}
{[%emt 00:01:34]} Ne4 {[%clk 00:39:27]} {[%emt 00:02:04]} 18. Qb1 {[%clk
00:10:38]} {[%emt 00:04:08]} Ng5 {[%clk 00:38:51]} {[%emt 00:01:04]} 19. Nxg5
{[%clk 00:10:31]} {[%emt 00:00:38]} Qxg5 {[%clk 00:39:01]} {[%emt 00:00:19]}
20. Ne4 {[%clk 00:09:52]} {[%emt 00:01:09]} Bxe4 {[%clk 00:36:16]} {[%emt
00:03:16]} 21. Qxe4 {[%clk 00:10:17]} {[%emt 00:00:05]} cxb4 {[%clk 00:36:04]}
{[%emt 00:00:42]} 22. axb4 {[%clk 00:10:15]} {[%emt 00:00:31]} Qd8 {[%clk
00:17:13]} {[%emt 00:19:21]} 23. Ra1 {[%clk 00:09:36]} {[%emt 00:01:09]} Nb8
{[%clk 00:14:24]} {[%emt 00:03:19]} 24. Qb1 {[%clk 00:06:38]} {[%emt 00:03:28]}
Ra7 {[%clk 00:13:40]} {[%emt 00:01:14]} 25. Bc3 {[%clk 00:05:47]} {[%emt
00:01:22]} Nd7 {[%clk 00:12:35]} {[%emt 00:01:34]} 26. Qb3 {[%clk 00:04:39]}
{[%emt 00:01:39]} Qc7 {[%clk 00:12:12]} {[%emt 00:00:53]} 27. Ra3 {[%clk
00:04:40]} {[%emt 00:00:29]} Nb8 {[%clk 00:07:51]} {[%emt 00:04:51]} 28. Rda1
{[%clk 00:04:28]} {[%emt 00:00:42]} h5 {[%clk 00:07:59]} {[%emt 00:00:23]} 29.
Be2 {[%clk 00:04:20]} {[%emt 00:00:38]} Kf8 {[%clk 00:06:22]} {[%emt 00:02:07]}
30. Qa2 {[%clk 00:03:27]} {[%emt 00:01:22]} Kg8 {[%clk 00:06:16]} {[%emt
00:00:36]} 31. Rc1 {[%clk 00:03:29]} {[%emt 00:00:28]} Qd7 {[%clk 00:05:33]}
{[%emt 00:01:13]} 32. Ra1 {[%clk 00:01:59]} {[%emt 00:02:01]} Qc7 {[%clk
00:05:44]} {[%emt 00:00:18]} 33. Qb3 {[%clk 00:02:05]} {[%emt 00:00:24]} Kf8
{[%clk 00:05:35]} {[%emt 00:00:40]} 34. Bd3 {[%clk 00:01:32]} {[%emt 00:01:02]}
Kg8 {[%clk 00:05:37]} {[%emt 00:00:28]} 35. Bd2 {[%clk 00:01:33]} {[%emt
00:00:29]} Qd7 {[%clk 00:05:40]} {[%emt 00:00:28]} 36. R1a2 {[%clk 00:00:52]}
{[%emt 00:01:12]} Qc7 {[%clk 00:05:14]} {[%emt 00:00:56]} 37. Qd1 {[%clk
00:00:42]} {[%emt 00:00:39]} Qb7 {[%clk 00:05:05]} {[%emt 00:00:39]} 38. Qe2
{[%clk 00:00:54]} {[%emt 00:00:18]} Qc7 {[%clk 00:04:55]} {[%emt 00:00:40]} 39.
Qf3 {[%clk 00:00:53]} {[%emt 00:00:31]} Qb7 {[%clk 00:04:29]} {[%emt 00:00:56]}
40. Qe2 {[%clk 00:00:47]} {[%emt 00:00:36]} Qc7 {[%clk 00:04:39]} {[%emt
00:00:19]} 41. Qf3 {[%clk 00:27:40]} {[%emt 00:03:39]} Qb7 {[%clk 00:34:31]}
{[%emt 00:00:37]} 42. Qe2 {[%clk 00:27:46]} {[%emt 00:00:24]} 1/2-1/2